| 000 | 01540cam a2200373 a 4500 | ||
|---|---|---|---|
| 001 | 12933192 | ||
| 003 | Nust | ||
| 005 | 20220829163417.0 | ||
| 008 | 020917s2003 nyua 000 1 eng | ||
| 010 | _a 2002024514 | ||
| 020 | _a9781853262579 | ||
| 040 |
_aDLC _cDLC _dDLC |
||
| 043 | _ae-uk-en | ||
| 050 | 0 | 0 |
_aPR4559.A2 _bL48 2003 |
| 082 | 0 | 0 |
_a823 _bDIC |
| 100 | 1 |
_aDickens, Charles, _d1812-1870. _912180 |
|
| 245 | 1 | 0 |
_aDombey and Son / _cCharles Dickens ; introduction by Jonathan Lethem ; notes by Jennifer Mooney. |
| 250 | _aModern Library pbk. ed. | ||
| 260 |
_aNew York : _bModern Library, _c2003. |
||
| 300 |
_axxviii, 817 p. : _bill. ; _c20 cm. |
||
| 440 | 4 |
_aThe Modern Library classics _998644 |
|
| 650 | 0 |
_aFamily-owned business enterprises _vFiction. _911975 |
|
| 650 | 0 |
_aFathers and daughters _vFiction. _93695 |
|
| 650 | 0 |
_aDysfunctional families _vFiction. _922724 |
|
| 650 | 0 |
_aBusinesspeople _vFiction. _998645 |
|
| 651 | 0 |
_aEngland _vFiction. _91072 |
|
| 655 | 7 |
_aDomestic fiction. _2lcsh |
|
| 856 | 4 | 2 |
_3Contributor biographical information _uhttp://www.loc.gov/catdir/bios/random054/2002024514.html |
| 856 | 4 | 1 |
_3Sample text _uhttp://www.loc.gov/catdir/samples/random042/2002024514.html |
| 856 | 4 | 2 |
_3Publisher description _uhttp://www.loc.gov/catdir/description/random044/2002024514.html |
| 906 |
_a7 _bcbc _corignew _d1 _eocip _f20 _gy-gencatlg |
||
| 942 |
_2ddc _cBK |
||
| 999 |
_c174585 _d174585 |
||